00296 a2200097 4500001001000000005001700010008004100027245005300068100002600121773005100147ART_1851820260410161702.0260409a 10aPolítica tributaria para combatir la evasión1 aSpisso, Rodolfo Roque0 tRevista Impuestosg- Nº 7 (jul. 2012)wREV639